[Event "23rd ch-EUR Indiv w 2023"]
[Site "Petrovac MNE"]
[Date "2023.11.11"]
[Round "11.1"]
[White "Melia, Salome"]
[Black "Arabidze, Meri"]
[Result "1/2-1/2"]
[WhiteElo "2366"]
[BlackElo "2433"]

1. e4 e5 2. Nf3 Nc6 3. Bb5 a6 4. Ba4 Nf6 5. O-O Be7 6. Re1 b5 7. Bb3 d6 8.
c3 O-O 9. h3 Bb7 10. d4 Re8 11. Nbd2 Bf8 12. a3 h6 13. Bc2 Nb8 14. b4 Nbd7
15. Bb2 Rc8 16. Qb1 Nh5 17. c4 Nf4 18. dxe5 Nxe5 19. cxb5 axb5 20. Re3 g6
21. Nxe5 dxe5 22. Nb3 Qg5 23. Qf1 h5 24. Rg3 Qf6 25. Kh2 h4 26. Rf3 Qg5 27.
g3 Qh5 28. Bd1 Ne6 29. Rxf7 Qh6 30. Rd7 Bc6 31. Bc1 Qh8 32. Rd3 Bxe4 33.
Re3 Bc6 34. Bg4 Rcd8 35. Bb2 Nd4 36. Nxd4 exd4 37. Rxe8 Bxe8 38. Qe2 Qf6
39. Rd1 Bf7 40. Kg1 hxg3 41. fxg3 Bc4 42. Qe4 Bg7 43. Rd2 Qe5 44. Qxe5 Bxe5
45. Bf3 Kg7 46. Kg2 Bf6 1/2-1/2

[Event "23rd ch-EUR Indiv w 2023"]
[Site "Petrovac MNE"]
[Date "2023.11.11"]
[Round "11.2"]
[White "Kiolbasa, Oliwia"]
[Black "Tsolakidou, Stavroula"]
[Result "1/2-1/2"]
[WhiteElo "2406"]
[BlackElo "2358"]

1. e4 c5 2. Nf3 d6 3. d4 cxd4 4. Nxd4 Nf6 5. Nc3 a6 6. h3 e5 7. Nb3 Be7 8.
g4 h6 9. Be3 b5 10. a4 bxa4 11. Rxa4 Bd7 12. Ra1 O-O 13. Na5 Bb5 14. Nc4
Nc6 15. Nb6 Rb8 16. Nxb5 Rxb6 17. Nc3 Rxb2 18. Bc4 Nb4 19. Bb3 Qc7 20. Bd2
d5 21. exd5 e4 22. Kf1 Rd8 23. Na4 Rxb3 24. cxb3 Nbxd5 25. Qe2 Qb7 26. Kg1
Rc8 27. Rb1 Rc2 28. Qd1 Ra2 29. Ra1 Rxa1 30. Qxa1 Qxb3 31. Nc3 Bc5 32. Kg2
Qc4 33. Qf1 Qd4 34. Nxd5 Qxd5 35. Be3 Bxe3 36. fxe3 a5 37. Qe2 Qc5 38. Re1
Nd5 39. Qd2 a4 40. Qc1 Nc3 41. Re2 Qe5 42. Qa1 Qb5 43. Rc2 Nd5 44. Qd4 Qd3
45. Rc8+ Kh7 46. Qxd3 exd3 47. Kf2 a3 48. Ke1 a2 49. Ra8 Nb4 50. Kd2 Kg6
51. Ra5 Kf6 52. h4 Ke6 53. Kc3 Kd6 1/2-1/2

[Event "23rd ch-EUR Indiv w 2023"]
[Site "Petrovac MNE"]
[Date "2023.11.11"]
[Round "11.3"]
[White "Guichard, Pauline"]
[Black "Javakhishvili, Lela"]
[Result "1/2-1/2"]
[WhiteElo "2379"]
[BlackElo "2443"]

1. d4 Nf6 2. c4 e6 3. Nf3 d5 4. Nc3 Nbd7 5. Bf4 dxc4 6. e3 b5 7. Nxb5 Bb4+
8. Nc3 Nd5 9. a3 Nxc3 10. Qd2 Bxa3 11. bxc3 Bd6 12. Bxd6 cxd6 13. Bxc4 a5
14. Be2 d5 15. O-O Ba6 16. Ra3 O-O 17. Rfa1 Bxe2 18. Qxe2 Qc7 19. Nd2 Rfc8
1/2-1/2

[Event "23rd ch-EUR Indiv w 2023"]
[Site "Petrovac MNE"]
[Date "2023.11.11"]
[Round "11.4"]
[White "Danielian, Elina"]
[Black "Maltsevskaya, Aleksandra"]
[Result "0-1"]
[WhiteElo "2431"]
[BlackElo "2388"]

1. d4 Nf6 2. Nf3 c5 3. dxc5 e6 4. e3 Bxc5 5. a3 d5 6. c4 O-O 7. Nbd2 a5 8.
Qc2 b6 9. cxd5 exd5 10. Nb3 Bg4 11. Be2 Nbd7 12. O-O Bd6 13. Nbd4 Rc8 14.
Qd1 Nc5 15. Bd2 Nfe4 16. b4 Ne6 17. bxa5 bxa5 18. Nb5 Bb8 19. Nfd4 Bxe2 20.
Qxe2 Nxd4 21. Nxd4 Re8 22. Rfd1 Be5 23. Be1 Rc4 24. Qf3 g6 25. g3 Ng5 26.
Qg2 Bxd4 27. exd4 Qf6 28. Bxa5 Rc2 29. Rf1 Ree2 30. Rac1 Rxc1 31. Rxc1 Nh3+
0-1

[Event "23rd ch-EUR Indiv w 2023"]
[Site "Petrovac MNE"]
[Date "2023.11.11"]
[Round "11.5"]
[White "Kulon, Klaudia"]
[Black "Buksa, Nataliya"]
[Result "1-0"]
[WhiteElo "2290"]
[BlackElo "2405"]

1. e4 c5 2. Nf3 Nc6 3. Bb5 e5 4. O-O Bd6 5. d3 a6 6. Bc4 Nf6 7. a4 h6 8.
Nc3 Be7 9. Nd5 d6 10. c3 O-O 11. Re1 b6 12. Be3 Rb8 13. h3 b5 14. axb5 axb5
15. Bb3 Bb7 16. Nxe7+ Nxe7 17. Nh4 c4 18. dxc4 bxc4 19. Bxc4 Bxe4 20. Ra6
d5 21. Bd3 Rxb2 22. Rxf6 Bxd3 23. Qxd3 Nc8 24. Rxh6 gxh6 25. Nf5 Re8 26.
Nxh6+ Kg7 27. Ng4 Re6 28. f4 e4 29. Bd4+ Kf8 30. Qg3 Nd6 31. c4 Qa5 32.
Bxb2 Nxc4 33. Bd4 Qd2 34. Bc5+ Ke8 35. Ra1 e3 36. f5 Rd6 37. Nxe3 Nxe3 38.
Qe5+ Re6 39. Qb8+ Kd7 40. Ra7+ Kc6 41. Qb6# 1-0

[Event "23rd ch-EUR Indiv w 2023"]
[Site "Petrovac MNE"]
[Date "2023.11.11"]
[Round "11.6"]
[White "Sargsyan, Anna M."]
[Black "Daulyte-Cornette, Deimante"]
[Result "1/2-1/2"]
[WhiteElo "2371"]
[BlackElo "2344"]

1. e4 e5 2. Nf3 Nc6 3. Bc4 Nf6 4. d3 Bc5 5. c3 a6 6. a4 Ba7 7. O-O d6 8.
Re1 h6 9. b4 O-O 10. h3 Be6 11. Bxe6 fxe6 12. Be3 Bxe3 13. Rxe3 Qe8 14.
Nbd2 Nh5 15. g3 Qf7 16. Kg2 Ne7 17. Qc2 Ng6 18. Rf1 Rae8 19. d4 exd4 20.
cxd4 e5 21. dxe5 dxe5 22. Qc4 Re6 23. Rc3 c6 1/2-1/2

[Event "23rd ch-EUR Indiv w 2023"]
[Site "Petrovac MNE"]
[Date "2023.11.11"]
[Round "11.7"]
[White "Cyfka, Karina"]
[Black "Khotenashvili, Bella"]
[Result "1-0"]
[WhiteElo "2350"]
[BlackElo "2491"]

1. d4 Nf6 2. c4 c5 3. d5 g6 4. Nc3 Bg7 5. e4 d6 6. h3 O-O 7. Bd3 e6 8. Nf3
exd5 9. exd5 Re8+ 10. Be3 Bh6 11. O-O Bxe3 12. fxe3 Nbd7 13. Qd2 Qe7 14. e4
Kg7 15. Rf2 Ng8 16. Raf1 f6 17. Nb5 Nf8 18. Qf4 Rd8 19. e5 dxe5 20. Nxe5 a6
21. Nc3 Re8 22. Nf3 Qe3 23. Qxe3 Rxe3 24. Rd2 b6 25. Kf2 Re8 26. Rdd1 Bd7
27. a3 Rec8 28. Rfe1 Rab8 29. b3 h5 30. Ne4 b5 31. Rc1 bxc4 32. Bxc4 Rb6
33. a4 a5 34. Nc3 g5 35. Bb5 Bf5 36. Nd2 Rd6 37. Nc4 Rdd8 38. Nxa5 Rc7 39.
Bc6 Re7 40. Nb7 Rb8 41. Nxc5 Ng6 42. Bb5 Ne5 43. d6 Ra7 44. Rcd1 Nh6 45.
Nd5 Nhf7 46. Ne3 Kg6 47. Nxf5 Kxf5 48. d7 Nd8 49. Rd6 Ndf7 50. Rd2 h4 51.
Red1 Rd8 52. Ke3 1-0

[Event "23rd ch-EUR Indiv w 2023"]
[Site "Petrovac MNE"]
[Date "2023.11.11"]
[Round "11.8"]
[White "Toncheva, Nadya"]
[Black "Efroimski, Marsel"]
[Result "*"]
[WhiteElo "2192"]
[BlackElo "2451"]

1. e4 c5 2. c3 Nf6 3. e5 Nd5 4. Nf3 Nc6 5. Bc4 Nb6 6. Bb3 d5 7. exd6 c4 8.
Bc2 Qxd6 9. O-O Bg4 10. Re1 O-O-O 11. b3 Qf6 12. bxc4 Bxf3 13. gxf3 e5 14.
Qe2 Qe6 15. f4 exf4 16. Qxe6+ fxe6 17. d4 e5 18. Bf5+ Kb8 19. c5 Nd5 20.
Be4 g5 21. c4 Nc7 22. Bxc6 bxc6 23. dxe5 Bxc5 24. Nd2 Rhe8 25. Kf1 Bd4 26.
Rb1+ Ka8 27. Ne4 Rxe5 28. Ba3 Ne8 29. Nxg5 Rxe1+ 30. Rxe1 Bc3 31. Re4 Nf6
32. Rxf4 Rd2 33. Be7 Nd7 34. a3 Ne5 35. Rf8+ Kb7 36. Ne4 Rd1+ 37. Kg2 Ba1
38. Nc5+ Kc7 39. Ra8 Nxc4 40. Rxa7+ Kb8 41. Rb7+ Kc8 42. a4 Rd2 43. Bf8 Bd4
44. Rf7 Ne5 45. Ne4 Ra2 46. Rxh7 Rxa4 47. Bd6 Nd7 48. Bg3 c5 49. Nd6+ Kd8
50. Rh4 Ra2 51. Nf5 Bf6 52. Re4 Rd2 53. h4 Rd5 54. Nd6 Nb6 55. Re6 Bxh4 56.
Nf7+ Kd7 57. Rxb6 Bxg3 58. Kxg3 c4 59. Kf4 c3 60. Rb1 Rc5 61. Ng5 Kc6 62.
Ne4 Rc4 63. Ke3 Kd5 64. Rd1+ Ke5 65. f4+ Ke6 66. Kd3 c2 67. Rc1 Rb4 68. Ke3
Rb3+ 69. Kd2 Kf5 70. Nc5 Rb1 71. Nd3 Ke4 72. Rxc2 Rg1 73. Rc4+ Kd5 74. Ra4
Rg2+ 75. Ke3 Rg3+ 76. Ke2 Rg2+ 77. Kf3 Rg1 78. Ra5+ Ke6 79. Ke4 Rg2 80. f5+
Ke7 81. Nf4 Rb2 82. Ke5 Rb1 *

[Event "23rd ch-EUR Indiv w 2023"]
[Site "Petrovac MNE"]
[Date "2023.11.11"]
[Round "11.9"]
[White "Sliwicka, Alicja"]
[Black "Osmak, Yuliia"]
[Result "1/2-1/2"]
[WhiteElo "2272"]
[BlackElo "2445"]

1. e4 e5 2. Nf3 Nc6 3. Bb5 a6 4. Ba4 Nf6 5. Nc3 Bc5 6. d3 O-O 7. Be3 Bxe3
8. fxe3 b5 9. Bb3 d6 10. a4 Rb8 11. axb5 axb5 12. O-O Ne7 13. d4 Ng6 14.
dxe5 Ng4 15. exd6 cxd6 16. Qd4 Be6 17. Bxe6 fxe6 18. h3 N4e5 19. Nxe5 Rxf1+
20. Rxf1 Nxe5 21. Ne2 Rc8 22. Nf4 Qe7 23. c3 h6 24. Qb6 Rc5 25. Ra1 Kh7 26.
Ra7 Qh4 27. Rxg7+ Kxg7 28. Nxe6+ Kf7 29. Nxc5 dxc5 30. Qxc5 Qxe4 31. Qxb5
Qxe3+ 32. Kh1 Qc1+ 33. Kh2 Qf4+ 34. Kg1 Qe3+ 35. Kh1 Qc1+ 36. Kh2 Qf4+ 37.
Kg1 Qe3+ 1/2-1/2

[Event "23rd ch-EUR Indiv w 2023"]
[Site "Petrovac MNE"]
[Date "2023.11.11"]
[Round "11.10"]
[White "Bulmaga, Irina"]
[Black "Garifullina, Leya"]
[Result "*"]
[WhiteElo "2438"]
[BlackElo "2372"]

1. e4 c5 2. c3 d5 3. exd5 Qxd5 4. d4 Nc6 5. Nf3 Nf6 6. dxc5 Qxd1+ 7. Kxd1
Bf5 8. Be3 Nd5 9. Bb5 e5 10. Bxc6+ bxc6 11. Nxe5 Nxe3+ 12. fxe3 O-O-O+ 13.
Nd2 Bxc5 14. Re1 Rhe8 15. Nxc6 Rd3 16. Nd4 Bg6 17. g3 h5 18. b4 Bd6 19. Nb5
Bb8 20. e4 a6 21. Nd4 Rxc3 22. Ne2 Rd3 23. Rc1+ Kb7 24. Kc2 Rd7 25. Nc3 Rd4
26. a3 Rc8 27. Nb3 Rxe4 28. Rxe4 Bxe4+ 29. Kb2 Bg6 30. Nc5+ Ka7 31. Rd1 Bf5
32. Rd5 g6 33. a4 h4 34. gxh4 Rh8 35. a5 Bc7 36. Rd4 Bxh2 37. b5 axb5 38.
Nxb5+ Ka8 39. Kb3 Bg1 40. Nc7+ Kb8 41. N5a6+ Kb7 42. Rd6 Rxh4 43. Nd5 Rh3+
44. Ka4 Bf2 45. Nab4 Bc5 46. a6+ Ka7 47. Kb5 Bxb4 48. Nxb4 Rh8 49. Nc6+ Ka8
50. Kb6 g5 51. Nd4 Rb8+ 52. Ka5 Be6 53. Nb5 Rc8 54. Kb6 Rb8+ 55. Kc5 Rc8+
56. Kb6 Rb8+ 57. Ka5 Rc8 58. Rb6 Bd5 59. Nd6 Rc1 60. Rb4 Rc6 61. Rb6 g4 *

[Event "23rd ch-EUR Indiv w 2023"]
[Site "Petrovac MNE"]
[Date "2023.11.11"]
[Round "11.11"]
[White "Mkrtchian, Lilit"]
[Black "Bivol, Alina"]
[Result "1/2-1/2"]
[WhiteElo "2379"]
[BlackElo "2365"]

1. Nf3 d5 2. d4 Nf6 3. Bf4 e6 4. Nbd2 Bd6 5. e3 O-O 6. Bd3 c5 7. dxc5 Bxc5
8. O-O Nc6 9. a3 Bd6 10. Bxd6 Qxd6 11. c4 Rd8 12. Rc1 dxc4 13. Bxc4 b6 14.
Qa4 Ne5 15. Nxe5 Qxe5 16. Rc2 Bb7 17. Be2 Ne4 18. Nf3 Qd6 1/2-1/2

[Event "23rd ch-EUR Indiv w 2023"]
[Site "Petrovac MNE"]
[Date "2023.11.11"]
[Round "11.12"]
[White "Mkrtchyan, Mariam"]
[Black "Gunina, Valentina"]
[Result "0-1"]
[WhiteElo "2343"]
[BlackElo "2478"]

1. d4 d5 2. c4 c6 3. Nf3 Nf6 4. Nc3 dxc4 5. a4 Bf5 6. Ne5 Nbd7 7. Nxc4 Nb6
8. Ne5 a5 9. h4 e6 10. f3 h6 11. e4 Bh7 12. Be3 Bb4 13. Qb3 O-O 14. Nd3 Be7
15. O-O-O Nfd7 16. h5 Nc8 17. g4 b5 18. Nc5 Rb8 19. axb5 cxb5 20. Bxb5 Nd6
21. Nxd7 Qxd7 22. Bxd7 Rxb3 23. Ba4 Rb4 24. Rh2 Rc8 25. Rc2 Nc4 26. Bf4
Nxb2 27. Bd7 Rcc4 28. Rdd2 Rb3 29. Nb5 Rxc2+ 30. Kxc2 Rxf3 31. Bd6 Bg5 32.
Re2 Nc4 33. Bc6 a4 34. Bc5 a3 35. Nc3 Rg3 36. Bb4 Rxg4 37. Kb3 Nd2+ 38.
Kxa3 Rh4 39. d5 exd5 40. exd5 Bd3 41. Re8+ Kh7 42. d6 Nc4+ 43. Kb3 Nb6 44.
Bc5 Bc4+ 45. Kc2 Rh2+ 46. Kd1 Nd5 47. Ne4 Bb3+ 48. Ke1 Bh4+ 49. Bf2 Rh1+
50. Ke2 Bc4+ 51. Kf3 Rf1 52. Bd7 Bd3 53. Kg2 Nf4+ 54. Kh2 Bxe4 55. Bxh4
Rh1+ 56. Kg3 Nxh5+ 57. Kg4 Rg1+ 58. Kh3 Bf3 59. Bf5+ g6 60. Be4 Rh1# 0-1

[Event "23rd ch-EUR Indiv w 2023"]
[Site "Petrovac MNE"]
[Date "2023.11.11"]
[Round "11.13"]
[White "Savina, Anastasia"]
[Black "Socko, Monika"]
[Result "0-1"]
[WhiteElo "2345"]
[BlackElo "2432"]

1. d4 Nf6 2. c4 e6 3. Nc3 Bb4 4. e3 O-O 5. Bd3 d5 6. a3 Bxc3+ 7. bxc3 dxc4
8. Bxc4 c5 9. Ne2 Qc7 10. Bd3 e5 11. O-O Nc6 12. Ng3 Be6 13. f4 exd4 14.
cxd4 cxd4 15. e4 Rad8 16. e5 Nd5 17. Ne4 Bf5 18. Nf6+ Nxf6 19. Bxf5 Nd5 20.
Rf3 g6 21. Bd3 Nce7 22. Qe1 Qd7 23. f5 Ne3 24. f6 N7d5 25. Bxe3 Nxe3 26. h3
h6 27. Qh4 Kh7 28. g4 Rh8 29. Be4 Rde8 30. g5 h5 31. Qf4 Rhf8 32. Rb1 b6
33. Rxe3 dxe3 34. Qxe3 Re6 35. Qf3 Qd4+ 36. Kh1 Kg8 37. Bd5 Rxe5 38. Rd1
Qe3 39. h4 Qxf3+ 0-1

[Event "23rd ch-EUR Indiv w 2023"]
[Site "Petrovac MNE"]
[Date "2023.11.11"]
[Round "11.14"]
[White "Wagner, Dinara"]
[Black "Sandu, Mihaela"]
[Result "1-0"]
[WhiteElo "2411"]
[BlackElo "2211"]

1. d4 Nf6 2. c4 e6 3. Nf3 Bb4+ 4. Bd2 Qe7 5. g3 Bxd2+ 6. Qxd2 Nc6 7. a3 d5
8. Bg2 dxc4 9. Qc3 e5 10. dxe5 Ng4 11. Nbd2 Ncxe5 12. O-O O-O 13. Nxc4 Nxc4
14. Qxc4 c6 15. Rad1 Nf6 16. Nd4 a6 17. Rfe1 Bg4 18. h3 Bd7 19. e4 Rad8 20.
e5 Nd5 21. Bxd5 cxd5 22. Qc7 Qg5 23. h4 Qg4 24. Qxb7 Rb8 25. Qxa6 Rxb2 26.
Qa5 Be6 27. Qc3 Rfb8 28. a4 Bf5 29. Nxf5 Qxf5 30. Rd2 Rb1 31. Re2 h5 32. a5
R8b3 33. Qd2 Qf3 34. Rxb1 Rxb1+ 35. Re1 Rxe1+ 36. Qxe1 d4 37. a6 d3 38. Qc3
Qd1+ 39. Kg2 Qc2 40. Qxc2 dxc2 41. a7 c1=Q 42. a8=Q+ Kh7 43. Qf3 Kg6 44.
Qe4+ Kh6 45. Qe3+ Qxe3 46. fxe3 Kg6 47. e4 Kh7 48. Kf3 g6 49. Kf4 Kg8 50.
g4 hxg4 51. Kxg4 Kf8 52. Kg5 Ke7 53. Kh6 Ke6 54. Kg7 Ke7 55. Kg8 Ke8 56. e6
f5 57. exf5 gxf5 58. h5 f4 59. h6 f3 60. h7 f2 61. h8=Q f1=Q 62. Qg7 1-0

[Event "23rd ch-EUR Indiv w 2023"]
[Site "Petrovac MNE"]
[Date "2023.11.11"]
[Round "11.15"]
[White "Milliet, Sophie"]
[Black "Schulze, Lara"]
[Result "1/2-1/2"]
[WhiteElo "2404"]
[BlackElo "2277"]

1. e4 c5 2. Nf3 Nc6 3. d4 cxd4 4. Nxd4 Nf6 5. Nc3 d6 6. Bg5 e6 7. Qd2 a6 8.
O-O-O Bd7 9. Nxc6 Bxc6 10. f3 h6 11. Bf4 e5 12. Be3 b5 13. Kb1 Be7 14. g4
Qa5 15. h4 Rb8 16. Bd3 b4 17. Ne2 d5 18. g5 hxg5 19. hxg5 Rxh1 20. Rxh1 Nd7
21. g6 fxg6 22. Bg5 dxe4 23. fxe4 Qc5 24. Nc1 Qd6 25. Rh8+ Bf8 26. Qh2 Nc5
27. Bc4 Kd7 28. Qf2 Bxe4 29. Nb3 Qd1+ 30. Bc1 Nxb3 31. Bxb3 Qd6 32. Qf7+
Be7 33. Rxb8 Qxb8 34. Qe6+ Kd8 35. Qg8+ Kc7 36. Qxg7 Kd6 37. Qf7 Qc8 38.
Qf2 Qc6 39. Bd2 a5 40. a3 bxa3 41. Bxa5 Qb5 42. Qd2+ Kc6 43. Qc3+ Qc5 44.
Qe1 Bxc2+ 45. Bxc2 a2+ 46. Kxa2 Qxc2 1/2-1/2

[Event "23rd ch-EUR Indiv w 2023"]
[Site "Petrovac MNE"]
[Date "2023.11.11"]
[Round "11.16"]
[White "Narva, Mai"]
[Black "Rudzinska, Michalina"]
[Result "1/2-1/2"]
[WhiteElo "2389"]
[BlackElo "2212"]

1. e4 c6 2. d4 d5 3. e5 Bf5 4. h4 h5 5. Bd3 Bxd3 6. Qxd3 Qa5+ 7. Nd2 e6 8.
Nf3 Nh6 9. O-O Nf5 10. Nb3 Qb5 11. Qd1 c5 12. dxc5 Bxc5 13. a4 Qb6 14. Qd3
O-O 15. a5 Qc7 16. Re1 Nd7 17. c3 a6 18. Bf4 Rac8 19. Rac1 Ba7 20. Qd1 g6
21. Bg5 Nc5 22. Nbd4 Ne4 23. Qa4 Qb8 24. Nd2 Nxg5 25. hxg5 Bxd4 26. cxd4
Rxc1 27. Rxc1 Rc8 28. Rc3 Rxc3 29. bxc3 b5 30. Qb4 Qd8 31. f4 Qc7 32. Kf2
Ne7 33. Ke2 Nc6 34. Qc5 Qb7 35. Nb3 b4 36. Kd3 bxc3 37. Kxc3 Qc7 38. Kb2
Qb7 39. Qb6 Qc8 40. g3 Kg7 41. Qc5 Qb7 42. Kc3 Qc8 43. Nc1 Qc7 44. Nb3 Qc8
45. Kd2 Qb7 46. Qb6 Nxa5 47. Qxb7 Nxb7 48. Kc3 a5 49. Kb2 a4 50. Nc1 Na5
51. Ka3 Nc4+ 1/2-1/2

[Event "23rd ch-EUR Indiv w 2023"]
[Site "Petrovac MNE"]
[Date "2023.11.11"]
[Round "11.17"]
[White "Zaksaite, Salomeja"]
[Black "Beydullayeva, Govhar"]
[Result "1-0"]
[WhiteElo "2187"]
[BlackElo "2388"]

1. e4 c5 2. Nf3 d6 3. d4 cxd4 4. Nxd4 Nf6 5. Nc3 a6 6. Bc4 e6 7. Bb3 b5 8.
Bg5 Be7 9. Qf3 Qc7 10. e5 Bb7 11. exd6 Bxd6 12. Qe3 Qe7 13. O-O-O Nbd7 14.
Rhe1 Be5 15. Nxe6 fxe6 16. Rxd7 Qxd7 17. Qxe5 Bc8 18. Bxf6 gxf6 19. Qxf6
Rf8 20. Qh6 Qf7 21. Bxe6 Qxf2 22. Bf7+ 1-0

[Event "23rd ch-EUR Indiv w 2023"]
[Site "Petrovac MNE"]
[Date "2023.11.11"]
[Round "11.18"]
[White "Vega Gutierrez, Sabrina"]
[Black "Unuk, Laura"]
[Result "1-0"]
[WhiteElo "2361"]
[BlackElo "2297"]

1. e4 e5 2. Nf3 Nc6 3. Bb5 a6 4. Ba4 d6 5. O-O Bd7 6. c3 g6 7. d4 Bg7 8. h3
Nf6 9. Bc2 O-O 10. d5 Nb8 11. a4 c6 12. a5 cxd5 13. exd5 Bb5 14. Re1 Bc4
15. Bg5 Nbd7 16. Ba4 h6 17. Na3 Bxd5 18. Qxd5 Nxd5 19. Bxd8 Nc5 20. Red1
Rfxd8 21. Rxd5 Nxa4 22. Nc4 Nc5 23. Nb6 Rab8 24. Rad1 e4 25. Nd2 f5 26.
Ndc4 Nd3 27. f3 Nf4 28. Rxd6 Rxd6 29. Nxd6 e3 30. Ndc8 Bf6 31. g3 Ne2+ 32.
Kg2 f4 33. Rd6 Kg7 34. Rd7+ Kg8 35. Rd6 Kg7 36. Rd7+ Kg8 37. Nd5 Bg5 38. h4
Rxc8 39. hxg5 Rc5 40. Nf6+ Kf8 41. gxh6 fxg3 42. h7 Nf4+ 43. Kxg3 Nh5+ 44.
Kh2 1-0

[Event "23rd ch-EUR Indiv w 2023"]
[Site "Petrovac MNE"]
[Date "2023.11.11"]
[Round "11.19"]
[White "Jarocka, Liwia"]
[Black "Mammadova, Gulnar"]
[Result "0-1"]
[WhiteElo "2181"]
[BlackElo "2358"]

1. e4 e5 2. Nf3 Nc6 3. Bb5 a6 4. Ba4 d6 5. O-O Bd7 6. c3 g6 7. d4 Bg7 8. h3
b5 9. Bc2 Nf6 10. Be3 O-O 11. dxe5 Nxe5 12. Nxe5 dxe5 13. Nd2 Bc6 14. Qe2
Qe7 15. Nb3 Rfc8 16. Bc5 Qe8 17. Rfd1 a5 18. a3 a4 19. Nc1 Bb7 20. f3 Nh5
21. Nd3 f5 22. Nf2 Qc6 23. Be3 f4 24. Bd2 Ng3 25. Qe1 Rd8 26. Nh1 Nh5 27.
Qe2 Bf8 28. Be1 Ba6 29. Bd3 Rd7 30. Kh2 Ng7 31. Qf1 Ne6 32. Be2 Rad8 33.
Rxd7 Rxd7 34. Nf2 Nc5 35. c4 bxc4 36. Bxc4+ Bxc4 37. Qxc4+ Qe6 38. Rc1 Qxc4
39. Rxc4 Rd4 40. Rc2 h5 41. Bc3 Rc4 42. Rd2 Bd6 43. Rd5 Kf7 44. h4 Ke6 45.
Nh3 Nd7 46. Ng5+ Ke7 47. Rd3 Bc5 48. Nh3 c6 49. Kh1 Be3 50. Kh2 Bc5 51. Kh1
Bd4 52. Bxd4 exd4 53. Nxf4 Ne5 54. Rd1 c5 55. Nd5+ Ke6 56. Nb6 Rc2 57. Nxa4
d3 58. Kg1 c4 59. Nc5+ Kd6 60. b4 d2 61. Kf2 c3 62. Ke2 Nc4 63. e5+ Kxe5
64. Ne4 Kd4 65. b5 Nb2 66. Nxc3 Kxc3 67. b6 Nxd1 68. b7 Rb2 0-1

[Event "23rd ch-EUR Indiv w 2023"]
[Site "Petrovac MNE"]
[Date "2023.11.11"]
[Round "11.20"]
[White "Ovod, Evgenija"]
[Black "Gaponenko, Inna"]
[Result "1-0"]
[WhiteElo "2305"]
[BlackElo "2349"]

1. e4 c5 2. Nf3 Nc6 3. Bb5 g6 4. Bxc6 bxc6 5. O-O Bg7 6. c3 Nh6 7. h3 O-O
8. d4 cxd4 9. cxd4 d5 10. e5 f6 11. Nc3 Nf7 12. Re1 fxe5 13. dxe5 d4 14.
Nxd4 Nxe5 15. Qb3+ Kh8 16. Ne6 Bxe6 17. Qxe6 Qd6 18. Qb3 Nd3 19. Ne4 Qd5
20. Re2 Rab8 21. Qa3 Qc4 22. Nc3 Nxf2 23. Qxe7 Nd3 24. Re4 Qf7 25. Qxf7
Rxf7 26. Na4 Nxb2 27. Rb1 Rfb7 28. Be3 Kg8 29. Nc5 Rb4 30. Re7 Bf8 31. Rxa7
Nc4 32. Rxb4 Rxb4 33. Bf2 Rb1+ 34. Kh2 Bd6+ 35. g3 Bxc5 36. Bxc5 Rb2+ 37.
Kg1 Nd2 38. Rg7+ Kxg7 39. Bd4+ Kf7 40. Bxb2 Ke6 41. Kf2 Kd5 42. g4 c5 43.
a4 Kc4 44. Ke3 Nb3 45. Kf4 Kb4 46. Kg5 Nd4 47. Kh6 Nf3 48. Bf6 g5 49. Kxh7
c4 50. Kg6 Kxa4 51. Kf5 Kb3 52. Ke4 Nd2+ 53. Ke3 c3 54. Bxg5 Nc4+ 55. Kd4
Nd2 56. Kd3 Nf3 57. Bf4 c2 58. Bc1 Nh4 59. g5 Ng6 60. Ke4 Kc3 61. Kf5 Ne7+
62. Kf6 Nd5+ 63. Kf7 Nb4 64. g6 Nd3 65. Bh6 Ne5+ 66. Kf6 1-0

[Event "23rd ch-EUR Indiv w 2023"]
[Site "Petrovac MNE"]
[Date "2023.11.11"]
[Round "11.21"]
[White "Sieber, Fiona"]
[Black "Brunello, Marina"]
[Result "0-1"]
[WhiteElo "2217"]
[BlackElo "2346"]

1. e4 c5 2. Nf3 d6 3. d4 cxd4 4. Nxd4 Nf6 5. Nc3 a6 6. Bg5 Nbd7 7. Be3 e6
8. g4 b5 9. g5 b4 10. Nc6 Qc7 11. Nxb4 Qb7 12. Nd3 Nxe4 13. Bg2 d5 14. Nxe4
dxe4 15. Qg4 f5 16. gxf6 Nxf6 17. Qg5 Be7 18. Nc5 Qxb2 19. O-O O-O 20. Rab1
Qxa2 21. Bxe4 Ra7 22. Bg2 Rc7 23. Qe5 Ne8 24. Rb6 Bxc5 25. Bxc5 Rf5 26.
Qxc7 Nxc7 27. Rc6 Bb7 28. Rxc7 Bxg2 29. Kxg2 Rg5+ 30. Kh1 Qc4 0-1

[Event "23rd ch-EUR Indiv w 2023"]
[Site "Petrovac MNE"]
[Date "2023.11.11"]
[Round "11.22"]
[White "Eric, Jovana"]
[Black "Mammadzada, Gunay"]
[Result "1/2-1/2"]
[WhiteElo "2230"]
[BlackElo "2472"]

1. e4 c5 2. Nf3 d6 3. d4 cxd4 4. Nxd4 Nf6 5. Nc3 a6 6. h3 Nc6 7. Be3 e5 8.
Nb3 Be6 9. Qf3 Be7 10. O-O-O Nd7 11. Kb1 O-O 12. g4 Rc8 13. Nd5 Bh4 14. Bd3
a5 15. Bb5 b6 16. Qe2 Nc5 17. f4 exf4 18. Bxf4 Ne5 19. Nd4 Bxd5 20. exd5
Ng6 1/2-1/2

[Event "23rd ch-EUR Indiv w 2023"]
[Site "Petrovac MNE"]
[Date "2023.11.11"]
[Round "11.23"]
[White "Abdulla, Khayala"]
[Black "Stefanova, Antoaneta"]
[Result "0-1"]
[WhiteElo "2221"]
[BlackElo "2433"]

1. e4 e5 2. Nf3 Nc6 3. Bb5 a6 4. Bxc6 dxc6 5. O-O Qf6 6. d4 exd4 7. Bg5 Qd6
8. Nxd4 Be7 9. Bxe7 Nxe7 10. Nc3 O-O 11. Nb3 Be6 12. Qe2 c5 13. Rad1 Qc6
14. Qh5 f5 15. Rfe1 b6 16. exf5 Nxf5 17. Ne4 Nh6 18. f3 Rae8 19. Ng5 Bf5
20. c3 Qa4 21. Nc1 Rxe1+ 22. Rxe1 Qf4 23. Nh3 Qd2 24. Qh4 Bxh3 25. gxh3
Qxb2 26. Qc4+ Kh8 27. Qd3 Ng8 28. a4 Rf6 29. Ne2 Re6 30. Kf1 a5 31. Qd5 Re7
32. Qd3 Qa2 33. Rd1 Qxa4 34. Ng3 Qf4 35. Ne4 Qxh2 36. Ng5 g6 37. Qd5 Qe2+
38. Kg1 Kg7 39. c4 h6 40. Ne4 Qxf3 0-1

[Event "23rd ch-EUR Indiv w 2023"]
[Site "Petrovac MNE"]
[Date "2023.11.11"]
[Round "11.24"]
[White "Kubicka, Anna"]
[Black "Badelka, Olga"]
[Result "1-0"]
[WhiteElo "2211"]
[BlackElo "2428"]

1. e4 e5 2. Nf3 Nc6 3. Bb5 Nf6 4. O-O Nxe4 5. Re1 Nd6 6. Nxe5 Nxe5 7. Rxe5+
Be7 8. Bf1 O-O 9. d4 Bf6 10. Re1 Re8 11. Bf4 Rxe1 12. Qxe1 Bxd4 13. Bxd6
cxd6 14. Nc3 Bxc3 15. Qxc3 b6 16. Qf3 Rb8 17. Qa3 d5 18. Qxa7 Bb7 19. Re1
Bc6 20. Qa3 Ra8 21. Qe3 h5 22. a3 h4 23. Bd3 g6 24. h3 Rb8 25. Qf4 d6 26.
Qd4 Qg5 27. f4 Qd8 28. f5 gxf5 29. Rf1 Bd7 30. Bxf5 Bxf5 31. Rxf5 Qe7 32.
Qg4+ Kf8 33. Rh5 Qe1+ 34. Kh2 Ke7 35. Qxh4+ Qxh4 36. Rxh4 Ke6 37. c3 Ke5
38. Rb4 f5 39. Kg3 Rb7 40. Kf3 Rb8 41. Rb5 Ke6 42. Kf4 Rg8 43. g3 Rh8 44.
g4 fxg4 45. hxg4 Rf8+ 46. Kg3 Rb8 47. g5 Rb7 48. Kg4 Rb8 49. g6 Kf6 50.
Rxd5 Kxg6 51. Rxd6+ Kf7 52. Kf5 Ke7 53. Ke5 1-0